|
|
|
|
| LEADER |
01596nam a2200397Ia 4500 |
| 001 |
EBC3330542 |
| 003 |
MiAaPQ |
| 005 |
20200520144314.0 |
| 006 |
m o d | |
| 007 |
cr cn||||||||| |
| 008 |
050613s2004 quca sb 000 0 eng d |
| 010 |
|
|
|z 92641927
|
| 020 |
|
|
|z 0773528148
|
| 035 |
|
|
|a (MiAaPQ)EBC3330542
|
| 035 |
|
|
|a (Au-PeEL)EBL3330542
|
| 035 |
|
|
|a (CaPaEBR)ebr10132723
|
| 035 |
|
|
|a (CaONFJC)MIL286305
|
| 035 |
|
|
|a (OCoLC)929120617
|
| 040 |
|
|
|a MiAaPQ
|c MiAaPQ
|d MiAaPQ
|
| 050 |
|
4 |
|a HJ7662
|b .H69 2004
|
| 082 |
0 |
4 |
|a 336.71/05
|2 20
|
| 245 |
0 |
0 |
|a How Ottawa spends, 2004-2005
|h [electronic resource] :
|b mandate change in the Paul Martin era /
|c edited by G. Bruce Doern.
|
| 260 |
|
|
|a Montreal, Que. :
|b McGill-Queen's University Press,
|c c2004.
|
| 300 |
|
|
|a viii, 400 p. :
|b ill.
|
| 500 |
|
|
|a "Published for the School of Policy Studies and Administration Carleton University."
|
| 504 |
|
|
|a Includes bibliographical references.
|
| 533 |
|
|
|a Electronic reproduction. Ann Arbor, MI : ProQuest, 2015. Available via World Wide Web. Access may be limited to ProQuest affiliated libraries.
|
| 650 |
|
0 |
|a Government spending policy
|z Canada.
|
| 651 |
|
0 |
|a Canada
|x Appropriations and expenditures.
|
| 655 |
|
4 |
|a Electronic books.
|
| 700 |
1 |
|
|a Doern, G. Bruce.
|
| 710 |
2 |
|
|a Carleton University.
|b School of Public Administration.
|
| 710 |
2 |
|
|a ProQuest (Firm)
|
| 730 |
0 |
|
|a Canadian public policy.
|
| 830 |
|
0 |
|a Canadian electronic library.
|p Books collection.
|
| 856 |
4 |
0 |
|u https://ebookcentral.proquest.com/lib/matrademy/detail.action?docID=3330542
|z Click to View
|